Commentatio Historico-Theologica, Qva Abusus Qvidam Eucharistici, Ex Antiquis Monumentis Bona Fide Excerpti, Variis Observationibus Selectis Illustrantur

Bibliographic Details
Main Author: Schlichter, Christian Ludwig, 1705-1765 (Author)
Corporate Author: Hendel, Johann Christian I. (Halle, Nemecko) (Printer)
Format: Book
Language:Latin
PhysicalDescription:44 s. 19 cm
Published: Halae Magdeburgicae Ex Officina Hendeliana 1734
Subjects:

MARC

LEADER 00000nam a2200000 a 4500
001 vtls011904816
003 SK-MaSNL
005 20260301225303.0
008 251112 1734 gw 000 0 lat
015 |a SNBHFA1734 
040 |a SNKHF  |b slo  |c SNK  |e AACR2 
041 0 |a lat 
044 |a gw  |c DE 
072 7 |a 2-1  |x Prirodzená teológia. Náboženská filozofia  |2 konspekt 
080 |a 2-1  |2 2011 
100 1 |a Schlichter, Christian Ludwig,  |d 1705-1765  |4 aut  |9 559113 
245 1 0 |a Commentatio Historico-Theologica, Qva Abusus Qvidam Eucharistici, Ex Antiquis Monumentis Bona Fide Excerpti, Variis Observationibus Selectis Illustrantur  |c A Christiano Ludovico Schlichter, Reg. Prof. Publ. Ordinario 
260 |a Halae Magdeburgicae  |b Ex Officina Hendeliana  |c 1734 
300 |a 44 s.  |c 19 cm 
500 |a Iniciála na 7 riadkov, vlys, neživé záhlavie, kustody, zložky 
501 |a Príväzok 14. k: MUENDEN, Christian. Christiani Mvndenii S. Theol. D. Et P.P. H.T. Coll. Theol. Dec. Disqvisitio De Theologia Morali In Institvtionibvs Theologicis A Dogmatica Theologia Non Divellenda... Helmaestadii: Typis Pavli Dieterici Schnorrii Acad. Typogr., MDCCXXX. [=1730]  |5 SNK ID 101712 
504 |a Poznámky pod textom 
508 |a Predslov 
561 |a Z knižnice Učenej spoločnosti malohontskej  |5 SNK ID 101712/prív.14 
650 0 7 |a teológia  |2 SNKPH  |9 1814 
650 0 7 |a náboženská filozofia  |2 SNKPH  |9 3774 
700 1 |a Scharden, Friedrich Wilhelm von  |4 hnr  |9 618655 
710 2 |a Učená spoločnosť malohontská  |4 fmo  |9 205374 
710 0 |a Hendel, Johann Christian I. (Halle, Nemecko),  |d 1717-1757  |4 prt  |9 180572 
752 |a Nemecko  |d Halle 
852 |a snk  |b Historické fondy  |p SNK ID 101712/prív.14 
958 |a DD 
999 |c 950347  |d 952277 
952 |t MHC 1241  |a SNK  |b SNK  |c SNK_HF  |y PREZ  |7 0  |p 17A1356822  |o snkID 101712/prív.14  |i snk2019/29890  |8 5  |0 0  |1 0  |4 0  |d 2019-12-03  |l 0  |r 2026-02-24 09:46:29  |w 2026-02-24